000
00292nam a2200121Ia 4500
008
220204s9999 xx 000 0 und d
082
_a
066.01
_b
BAC
100
_a
Backhurst, J R
245
0
_a
Process plant design
260
_a
London
_b
Heinemann
_c
1973
700
_a
Harker, J H
942
_c
BK
999
_c
35462
_d
35462